<?xml version="1.0" encoding="UTF-8"?>
<collection xmlns="http://www.loc.gov/MARC21/slim">
 <record>
  <leader>03468nam a2200481   4500</leader>
  <controlfield tag="001">1/49930</controlfield>
  <controlfield tag="008">980213suuuu    gr       e    000 0 gre d</controlfield>
  <datafield tag="035" ind1=" " ind2=" ">
   <subfield code="l">22039</subfield>
  </datafield>
  <datafield tag="040" ind1=" " ind2=" ">
   <subfield code="a">GR-PeUP</subfield>
  </datafield>
  <datafield tag="082" ind1="0" ind2="0">
   <subfield code="a">030 ME</subfield>
  </datafield>
  <datafield tag="090" ind1=" " ind2=" ">
   <subfield code="a">R 030 ME</subfield>
  </datafield>
  <datafield tag="245" ind1="0" ind2="0">
   <subfield code="a">Μεγάλη ελληνική εγκυκλοπαίδεια.</subfield>
  </datafield>
  <datafield tag="250" ind1=" " ind2=" ">
   <subfield code="a">2η έκδοση ενημερωμένη δια συμπληρωμάτων.</subfield>
  </datafield>
  <datafield tag="260" ind1=" " ind2=" ">
   <subfield code="a">Αθήναι:</subfield>
   <subfield code="b">Φοινιξ - Π. Δρανδάκης</subfield>
  </datafield>
  <datafield tag="300" ind1=" " ind2=" ">
   <subfield code="a">24 τ.;</subfield>
   <subfield code="c">34 εκ.</subfield>
  </datafield>
  <datafield tag="650" ind1=" " ind2="4">
   <subfield code="a">Εγκυκλοπαίδειες.</subfield>
  </datafield>
  <datafield tag="852" ind1=" " ind2=" ">
   <subfield code="a">INST</subfield>
   <subfield code="b">UNIPILB</subfield>
   <subfield code="c">REF</subfield>
   <subfield code="e">20040709</subfield>
   <subfield code="h">030 ME</subfield>
   <subfield code="p">00100872</subfield>
   <subfield code="q">00100872</subfield>
   <subfield code="t">NOLOAN</subfield>
   <subfield code="v">τ.1:</subfield>
   <subfield code="y">23</subfield>
   <subfield code="z">τ.1</subfield>
   <subfield code="4">1</subfield>
  </datafield>
  <datafield tag="852" ind1=" " ind2=" ">
   <subfield code="a">INST</subfield>
   <subfield code="b">UNIPILB</subfield>
   <subfield code="c">REF</subfield>
   <subfield code="e">20040709</subfield>
   <subfield code="h">030 ME</subfield>
   <subfield code="p">00100873</subfield>
   <subfield code="q">00100873</subfield>
   <subfield code="t">NOLOAN</subfield>
   <subfield code="v">τ.2:</subfield>
   <subfield code="y">23</subfield>
   <subfield code="z">τ.2</subfield>
   <subfield code="4">1</subfield>
  </datafield>
  <datafield tag="852" ind1=" " ind2=" ">
   <subfield code="a">INST</subfield>
   <subfield code="b">UNIPILB</subfield>
   <subfield code="c">REF</subfield>
   <subfield code="e">20040709</subfield>
   <subfield code="h">030 ME</subfield>
   <subfield code="p">00100874</subfield>
   <subfield code="q">00100874</subfield>
   <subfield code="t">NOLOAN</subfield>
   <subfield code="v">τ.3:</subfield>
   <subfield code="y">23</subfield>
   <subfield code="z">τ.3</subfield>
   <subfield code="4">1</subfield>
  </datafield>
  <datafield tag="852" ind1=" " ind2=" ">
   <subfield code="a">INST</subfield>
   <subfield code="b">UNIPILB</subfield>
   <subfield code="c">REF</subfield>
   <subfield code="e">20040709</subfield>
   <subfield code="h">030 ME</subfield>
   <subfield code="p">00100875</subfield>
   <subfield code="q">00100875</subfield>
   <subfield code="t">NOLOAN</subfield>
   <subfield code="v">τ.4:</subfield>
   <subfield code="y">23</subfield>
   <subfield code="z">τ.4</subfield>
   <subfield code="4">1</subfield>
  </datafield>
  <datafield tag="852" ind1=" " ind2=" ">
   <subfield code="a">INST</subfield>
   <subfield code="b">UNIPILB</subfield>
   <subfield code="c">REF</subfield>
   <subfield code="e">20040709</subfield>
   <subfield code="h">030 ME</subfield>
   <subfield code="p">00100876</subfield>
   <subfield code="q">00100876</subfield>
   <subfield code="t">NOLOAN</subfield>
   <subfield code="v">τ.5:</subfield>
   <subfield code="y">23</subfield>
   <subfield code="z">τ.5</subfield>
   <subfield code="4">1</subfield>
  </datafield>
  <datafield tag="852" ind1=" " ind2=" ">
   <subfield code="a">INST</subfield>
   <subfield code="b">UNIPILB</subfield>
   <subfield code="c">REF</subfield>
   <subfield code="e">20040709</subfield>
   <subfield code="h">030 ME</subfield>
   <subfield code="p">00100877</subfield>
   <subfield code="q">00100877</subfield>
   <subfield code="t">NOLOAN</subfield>
   <subfield code="v">τ.6:</subfield>
   <subfield code="y">23</subfield>
   <subfield code="z">τ.6</subfield>
   <subfield code="4">1</subfield>
  </datafield>
  <datafield tag="852" ind1=" " ind2=" ">
   <subfield code="a">INST</subfield>
   <subfield code="b">UNIPILB</subfield>
   <subfield code="c">REF</subfield>
   <subfield code="e">20040709</subfield>
   <subfield code="h">030 ME</subfield>
   <subfield code="p">00100878</subfield>
   <subfield code="q">00100878</subfield>
   <subfield code="t">NOLOAN</subfield>
   <subfield code="v">τ.7:</subfield>
   <subfield code="y">23</subfield>
   <subfield code="z">τ.7</subfield>
   <subfield code="4">1</subfield>
  </datafield>
  <datafield tag="852" ind1=" " ind2=" ">
   <subfield code="a">INST</subfield>
   <subfield code="b">UNIPILB</subfield>
   <subfield code="c">REF</subfield>
   <subfield code="e">20040709</subfield>
   <subfield code="h">030 ME</subfield>
   <subfield code="p">00100879</subfield>
   <subfield code="q">00100879</subfield>
   <subfield code="t">NOLOAN</subfield>
   <subfield code="v">τ.8:</subfield>
   <subfield code="y">23</subfield>
   <subfield code="z">τ.8</subfield>
   <subfield code="4">1</subfield>
  </datafield>
  <datafield tag="852" ind1=" " ind2=" ">
   <subfield code="a">INST</subfield>
   <subfield code="b">UNIPILB</subfield>
   <subfield code="c">REF</subfield>
   <subfield code="e">20040709</subfield>
   <subfield code="h">030 ME</subfield>
   <subfield code="p">00100880</subfield>
   <subfield code="q">00100880</subfield>
   <subfield code="t">NOLOAN</subfield>
   <subfield code="v">τ.9:</subfield>
   <subfield code="y">23</subfield>
   <subfield code="z">τ.9</subfield>
   <subfield code="4">1</subfield>
  </datafield>
  <datafield tag="852" ind1=" " ind2=" ">
   <subfield code="a">INST</subfield>
   <subfield code="b">UNIPILB</subfield>
   <subfield code="c">REF</subfield>
   <subfield code="e">20040709</subfield>
   <subfield code="h">030 ME</subfield>
   <subfield code="p">00100881</subfield>
   <subfield code="q">00100881</subfield>
   <subfield code="t">NOLOAN</subfield>
   <subfield code="v">τ.10:</subfield>
   <subfield code="y">23</subfield>
   <subfield code="z">τ.10</subfield>
   <subfield code="4">1</subfield>
  </datafield>
  <datafield tag="852" ind1=" " ind2=" ">
   <subfield code="a">INST</subfield>
   <subfield code="b">UNIPILB</subfield>
   <subfield code="c">REF</subfield>
   <subfield code="e">20040709</subfield>
   <subfield code="h">030 ME</subfield>
   <subfield code="p">00100882</subfield>
   <subfield code="q">00100882</subfield>
   <subfield code="t">NOLOAN</subfield>
   <subfield code="v">τ.11:</subfield>
   <subfield code="y">23</subfield>
   <subfield code="z">τ.11</subfield>
   <subfield code="4">1</subfield>
  </datafield>
  <datafield tag="852" ind1=" " ind2=" ">
   <subfield code="a">INST</subfield>
   <subfield code="b">UNIPILB</subfield>
   <subfield code="c">REF</subfield>
   <subfield code="e">20040709</subfield>
   <subfield code="h">030 ME</subfield>
   <subfield code="p">00100883</subfield>
   <subfield code="q">00100883</subfield>
   <subfield code="t">NOLOAN</subfield>
   <subfield code="v">τ.12:</subfield>
   <subfield code="y">23</subfield>
   <subfield code="z">τ.12</subfield>
   <subfield code="4">1</subfield>
  </datafield>
  <datafield tag="852" ind1=" " ind2=" ">
   <subfield code="a">INST</subfield>
   <subfield code="b">UNIPILB</subfield>
   <subfield code="c">REF</subfield>
   <subfield code="e">20040709</subfield>
   <subfield code="h">030 ME</subfield>
   <subfield code="p">00100884</subfield>
   <subfield code="q">00100884</subfield>
   <subfield code="t">NOLOAN</subfield>
   <subfield code="v">τ.13:</subfield>
   <subfield code="y">23</subfield>
   <subfield code="z">τ.13</subfield>
   <subfield code="4">1</subfield>
  </datafield>
  <datafield tag="852" ind1=" " ind2=" ">
   <subfield code="a">INST</subfield>
   <subfield code="b">UNIPILB</subfield>
   <subfield code="c">REF</subfield>
   <subfield code="e">20040709</subfield>
   <subfield code="h">030 ME</subfield>
   <subfield code="p">00100885</subfield>
   <subfield code="q">00100885</subfield>
   <subfield code="t">NOLOAN</subfield>
   <subfield code="v">τ.14:</subfield>
   <subfield code="y">23</subfield>
   <subfield code="z">τ.14</subfield>
   <subfield code="4">1</subfield>
  </datafield>
  <datafield tag="852" ind1=" " ind2=" ">
   <subfield code="a">INST</subfield>
   <subfield code="b">UNIPILB</subfield>
   <subfield code="c">REF</subfield>
   <subfield code="e">20040709</subfield>
   <subfield code="h">030 ME</subfield>
   <subfield code="p">00100886</subfield>
   <subfield code="q">00100886</subfield>
   <subfield code="t">NOLOAN</subfield>
   <subfield code="v">τ.15:</subfield>
   <subfield code="y">23</subfield>
   <subfield code="z">τ.15</subfield>
   <subfield code="4">1</subfield>
  </datafield>
  <datafield tag="852" ind1=" " ind2=" ">
   <subfield code="a">INST</subfield>
   <subfield code="b">UNIPILB</subfield>
   <subfield code="c">REF</subfield>
   <subfield code="e">20040709</subfield>
   <subfield code="h">030 ME</subfield>
   <subfield code="p">00100887</subfield>
   <subfield code="q">00100887</subfield>
   <subfield code="t">NOLOAN</subfield>
   <subfield code="v">τ.16:</subfield>
   <subfield code="y">23</subfield>
   <subfield code="z">τ.16</subfield>
   <subfield code="4">1</subfield>
  </datafield>
  <datafield tag="852" ind1=" " ind2=" ">
   <subfield code="a">INST</subfield>
   <subfield code="b">UNIPILB</subfield>
   <subfield code="c">REF</subfield>
   <subfield code="e">20040709</subfield>
   <subfield code="h">030 ME</subfield>
   <subfield code="p">00100888</subfield>
   <subfield code="q">00100888</subfield>
   <subfield code="t">NOLOAN</subfield>
   <subfield code="v">τ.17:</subfield>
   <subfield code="y">23</subfield>
   <subfield code="z">τ.17</subfield>
   <subfield code="4">1</subfield>
  </datafield>
  <datafield tag="852" ind1=" " ind2=" ">
   <subfield code="a">INST</subfield>
   <subfield code="b">UNIPILB</subfield>
   <subfield code="c">REF</subfield>
   <subfield code="e">20040709</subfield>
   <subfield code="h">030 ME</subfield>
   <subfield code="p">00100889</subfield>
   <subfield code="q">00100889</subfield>
   <subfield code="t">NOLOAN</subfield>
   <subfield code="v">τ.18:</subfield>
   <subfield code="y">23</subfield>
   <subfield code="z">τ.18</subfield>
   <subfield code="4">1</subfield>
  </datafield>
  <datafield tag="852" ind1=" " ind2=" ">
   <subfield code="a">INST</subfield>
   <subfield code="b">UNIPILB</subfield>
   <subfield code="c">REF</subfield>
   <subfield code="e">20040709</subfield>
   <subfield code="h">030 ME</subfield>
   <subfield code="p">00100890</subfield>
   <subfield code="q">00100890</subfield>
   <subfield code="t">NOLOAN</subfield>
   <subfield code="v">τ.19:</subfield>
   <subfield code="y">23</subfield>
   <subfield code="z">τ.19</subfield>
   <subfield code="4">1</subfield>
  </datafield>
  <datafield tag="852" ind1=" " ind2=" ">
   <subfield code="a">INST</subfield>
   <subfield code="b">UNIPILB</subfield>
   <subfield code="c">REF</subfield>
   <subfield code="e">20040709</subfield>
   <subfield code="h">030 ME</subfield>
   <subfield code="p">00100891</subfield>
   <subfield code="q">00100891</subfield>
   <subfield code="t">NOLOAN</subfield>
   <subfield code="v">τ.20:</subfield>
   <subfield code="y">23</subfield>
   <subfield code="z">τ.20</subfield>
   <subfield code="4">1</subfield>
  </datafield>
  <datafield tag="852" ind1=" " ind2=" ">
   <subfield code="a">INST</subfield>
   <subfield code="b">UNIPILB</subfield>
   <subfield code="c">REF</subfield>
   <subfield code="e">20040709</subfield>
   <subfield code="h">030 ME</subfield>
   <subfield code="p">00100892</subfield>
   <subfield code="q">00100892</subfield>
   <subfield code="t">NOLOAN</subfield>
   <subfield code="v">τ.21:</subfield>
   <subfield code="y">23</subfield>
   <subfield code="z">τ.21</subfield>
   <subfield code="4">1</subfield>
  </datafield>
  <datafield tag="852" ind1=" " ind2=" ">
   <subfield code="a">INST</subfield>
   <subfield code="b">UNIPILB</subfield>
   <subfield code="c">REF</subfield>
   <subfield code="e">20040709</subfield>
   <subfield code="h">030 ME</subfield>
   <subfield code="p">00100893</subfield>
   <subfield code="q">00100893</subfield>
   <subfield code="t">NOLOAN</subfield>
   <subfield code="v">τ.22:</subfield>
   <subfield code="y">23</subfield>
   <subfield code="z">τ.22</subfield>
   <subfield code="4">1</subfield>
  </datafield>
  <datafield tag="852" ind1=" " ind2=" ">
   <subfield code="a">INST</subfield>
   <subfield code="b">UNIPILB</subfield>
   <subfield code="c">REF</subfield>
   <subfield code="e">20040709</subfield>
   <subfield code="h">030 ME</subfield>
   <subfield code="p">00100895</subfield>
   <subfield code="q">00100895</subfield>
   <subfield code="t">NOLOAN</subfield>
   <subfield code="v">τ.24:</subfield>
   <subfield code="y">23</subfield>
   <subfield code="z">τ.24</subfield>
   <subfield code="4">1</subfield>
  </datafield>
  <datafield tag="852" ind1=" " ind2=" ">
   <subfield code="a">INST</subfield>
   <subfield code="b">UNIPILB</subfield>
   <subfield code="c">REF</subfield>
   <subfield code="e">20040709</subfield>
   <subfield code="h">030 ME</subfield>
   <subfield code="p">00100896</subfield>
   <subfield code="q">00100896</subfield>
   <subfield code="t">NOLOAN</subfield>
   <subfield code="v">τ.1 συμπλήρωμα:</subfield>
   <subfield code="y">23</subfield>
   <subfield code="z">τ.1 συμπλήρωμα</subfield>
   <subfield code="4">1</subfield>
  </datafield>
  <datafield tag="852" ind1=" " ind2=" ">
   <subfield code="a">INST</subfield>
   <subfield code="b">UNIPILB</subfield>
   <subfield code="c">REF</subfield>
   <subfield code="e">20040709</subfield>
   <subfield code="h">030 ME</subfield>
   <subfield code="p">00100897</subfield>
   <subfield code="q">00100897</subfield>
   <subfield code="t">NOLOAN</subfield>
   <subfield code="v">τ.2 συμπλήρωμα:</subfield>
   <subfield code="y">23</subfield>
   <subfield code="z">τ.2 συμπλήρωμα</subfield>
   <subfield code="4">1</subfield>
  </datafield>
  <datafield tag="852" ind1=" " ind2=" ">
   <subfield code="a">INST</subfield>
   <subfield code="b">UNIPILB</subfield>
   <subfield code="c">REF</subfield>
   <subfield code="e">20040709</subfield>
   <subfield code="h">030 ME</subfield>
   <subfield code="p">00100898</subfield>
   <subfield code="q">00100898</subfield>
   <subfield code="t">NOLOAN</subfield>
   <subfield code="v">τ.3 συμπλήρωμα:</subfield>
   <subfield code="y">23</subfield>
   <subfield code="z">τ.3 συμπλήρωμα</subfield>
   <subfield code="4">1</subfield>
  </datafield>
  <datafield tag="852" ind1=" " ind2=" ">
   <subfield code="a">INST</subfield>
   <subfield code="b">UNIPILB</subfield>
   <subfield code="c">REF</subfield>
   <subfield code="e">20040709</subfield>
   <subfield code="h">030 ME</subfield>
   <subfield code="p">00100899</subfield>
   <subfield code="q">00100899</subfield>
   <subfield code="t">NOLOAN</subfield>
   <subfield code="v">τ.4 συμπλήρωμα:</subfield>
   <subfield code="y">23</subfield>
   <subfield code="z">τ.4 συμπλήρωμα</subfield>
   <subfield code="4">1</subfield>
  </datafield>
 </record>
</collection>
